[Event "42nd Olympiad 2016"]
[Site "Baku AZE"]
[Date "2016.09.09"]
[Round "7.78"]
[Board "4"]
[White "Mwaisumbe, Emmanuel"]
[Black "Volpinari, Danilo"]
[Result "1-0"]
[BlackTitle "CM"]
[WhiteElo "1662"]
[BlackElo "1976"]
[WhiteTeam "Tanzania"]
[BlackTeam "San Marino"]
[WhiteFideId "10001875"]
[BlackFideId "11800054"]
[EventDate "2016.09.02"]

1. e4 c5 2. Nf3 g6 3. d4 cxd4 4. Nxd4 Bg7 5. Be3 Nc6 6. Nc3 Nf6 7. Bc4 O-O 8.
Bb3 a5 9. f3 d5 10. exd5 Nb4 11. Nde2 a4 12. Nxa4 Nbxd5 13. Bd4 Qa5+ 14. c3 Rd8
15. Qc1 Bf5 16. O-O Rac8 17. Re1 Bd7 18. Bxf6 Nxf6 19. Qf4 b5 20. Nc5 Qa7 21.
Bxf7+ Kxf7 22. b4 Kg8 23. Kh1 Nd5 24. Qd2 Bf5 25. Nd4 Nxc3 26. Qxc3 Bxd4 27.
Qb3+ Kf8 28. Rac1 Qb6 29. g4 Bxg4 30. fxg4 Qc6+ 31. Ne4 Qxc1 32. Rxc1 Rxc1+ 33.
Kg2 Rg1+ 34. Kh3 Be5 35. Ng5 Ke8 36. Qf7+ Kd7 37. Qe6+ Ke8 38. Qxe5 Rd3+ 39. Kh4
h5 40. Qxb5+ Rd7 41. gxh5 gxh5 42. Kxh5 Rd1 43. Qc4 R1d5 44. a4 R7d6 45. Qc8+
Rd8 46. Qe6 R8d6 47. Qc8+ Rd8 48. Qc6+ R8d7 49. b5 Rd6 50. Qc3 Rd4 51. b6 1-0

[Event "42nd Olympiad 2016"]
[Site "Baku AZE"]
[Date "2016.09.09"]
[Round "7.79"]
[Board "1"]
[White "Amewounou, Komlan Kouessan"]
[Black "Seijp V/d, Quintin"]
[Result "0-1"]
[WhiteElo "1798"]
[BlackElo "1924"]
[WhiteTeam "Togo"]
[BlackTeam "Aruba"]
[WhiteFideId "21200017"]
[BlackFideId "15900428"]
[EventDate "2016.09.02"]

1. e4 e6 2. d3 d5 3. Nd2 Nf6 4. Ngf3 c5 5. Be2 Nc6 6. O-O Be7 7. Re1 O-O 8. Bf1
Qc7 9. c3 b6 10. Qc2 Bb7 11. a3 Rac8 12. h3 Rfd8 13. Nh2 Bd6 14. Ndf3 h6 15. b3
d4 16. c4 Nd7 17. Qe2 Re8 18. g4 Nce5 19. g5 hxg5 20. Bxg5 f6 21. Bh4 Nxf3+ 22.
Nxf3 g5 23. Bxg5 fxg5 24. Nxg5 Bf4 25. h4 Bxg5 26. hxg5 Qf4 27. Qh5 Ne5 28. Be2
Re7 29. Qh6 Nf7 30. Qf6 Qxg5+ 31. Qxg5+ Nxg5 32. Kh2 Rh7+ 33. Kg3 e5 34. Rh1
Rcc7 35. f4 exf4+ 36. Kxf4 Ne6+ 37. Ke5 Nd8 38. Rxh7 Rxh7 39. Rg1+ Kf8 40. Rf1+
Nf7+ 41. Kf4 Rh2 42. Re1 Bc8 43. b4 Ke7 44. b5 Rh4+ 45. Kg3 Rh3+ 46. Kf2 Ne5 47.
Rd1 Rh2+ 48. Ke1 Rxe2+ 49. Kxe2 Bg4+ 50. Kd2 Bxd1 51. Kxd1 Nxd3 0-1

[Event "42nd Olympiad 2016"]
[Site "Baku AZE"]
[Date "2016.09.09"]
[Round "7.79"]
[Board "2"]
[White "Croes, Octavio"]
[Black "Numatsi, Yawotsu Dzigba"]
[Result "1-0"]
[WhiteTitle "CM"]
[WhiteElo "1861"]
[BlackElo "1677"]
[WhiteTeam "Aruba"]
[BlackTeam "Togo"]
[WhiteFideId "1007220"]
[BlackFideId "21200254"]
[EventDate "2016.09.02"]

1. d4 d6 2. c4 e6 3. Nc3 Nf6 4. e4 Be7 5. Nf3 O-O 6. Bd3 h6 7. O-O Nbd7 8. Qe2
a6 9. e5 Ne8 10. Bf4 c6 11. Rac1 d5 12. cxd5 cxd5 13. a4 Nb8 14. Bb1 Nc6 15. Qd3
f5 16. exf6 Nxf6 17. Ne5 Nb4 18. Qg3 Ne4 19. Nxe4 dxe4 20. Bxe4 Bg5 21. Bxg5
Qxg5 22. Qxg5 hxg5 23. Rc7 Nd5 24. Bxd5 exd5 25. Rfc1 Rf4 26. Rxc8+ Rxc8 27.
Rxc8+ Kh7 28. Rc3 Rxd4 29. Rd3 Re4 30. Nf3 Rxa4 31. Kf1 Rb4 32. b3 g4 33. Nd2 d4
34. Rg3 a5 35. Rxg4 a4 36. bxa4 Rxa4 37. f3 b5 38. Ke2 d3+ 39. Kxd3 Rxg4 40.
fxg4 Kg6 41. h4 Kf6 42. Kd4 Ke6 43. Kc5 Ke5 44. g3 b4 45. Kxb4 Kd4 46. h5 Ke5
47. Kc5 Kf6 48. Nf3 Kf7 49. Kd6 Kg8 50. Ng5 1-0

[Event "42nd Olympiad 2016"]
[Site "Baku AZE"]
[Date "2016.09.09"]
[Round "7.79"]
[Board "3"]
[White "Botsoe, Koffi"]
[Black "Pesqueira, Jose"]
[Result "1/2-1/2"]
[BlackTitle "CM"]
[WhiteElo "1610"]
[BlackElo "1889"]
[WhiteTeam "Togo"]
[BlackTeam "Aruba"]
[WhiteFideId "21200025"]
[BlackFideId "15900037"]
[EventDate "2016.09.02"]

1. e4 b6 2. d3 Bb7 3. Nd2 d5 4. exd5 Bxd5 5. Ngf3 Nf6 6. c3 e6 7. Be2 Be7 8. O-O
Nbd7 9. Re1 O-O 10. Qc2 c5 11. b3 Qc7 12. Bb2 Bb7 13. c4 e5 14. Bf1 Bd6 15. h3
h6 16. Rad1 Rfe8 17. Ne4 Nxe4 18. dxe4 Nf6 19. Nd2 Rad8 20. Bd3 Bf8 21. Nb1 Bd6
22. Nc3 Qc8 23. Qe2 Qe6 24. Nd5 Bxd5 25. cxd5 Qe7 26. a4 Qc7 27. Bb5 Re7 28. Rc1
a5 29. Rc3 Nh7 30. Qg4 Qc8 31. Qxc8 Rxc8 32. Rd3 Nf6 33. f3 Nh5 34. Red1 Nf4 35.
R3d2 Rd8 36. Kh2 g5 37. g3 Ng6 38. Kg2 Kg7 39. Rf2 f6 40. Kf1 Rf8 41. Ke2 Rh8
42. Rh1 Rc7 43. Bc1 Re7 44. Kd3 Rf7 45. Kc4 Rb7 46. h4 Rbb8 47. hxg5 hxg5 48.
Rfh2 Rxh2 49. Rxh2 Rh8 50. Rxh8 Kxh8 51. Bd7 Kg7 52. Kb5 Bc7 53. Kc6 Bd8 54. d6
Kf7 55. Bf5 Nf8 56. Kb7 Ne6 57. Be3 Nd4 58. Bxd4 cxd4 59. Bh3 d3 60. Bf1 d2 61.
Be2 Ke6 62. Kc6 f5 63. exf5+ Kxf5 64. Kd5 Kf6 65. g4 Kf7 66. Kxe5 Bf6+ 67. Kd5
Ke8 68. Kc6 Kd8 69. Kxb6 Bc3 70. Kc6 Bb4 71. f4 gxf4 72. g5 Kc8 73. g6 Bc3 74.
Kb5 Kd7 75. g7 Bxg7 76. Kxa5 Kxd6 77. Kb5 Bd4 78. Kc4 Be3 79. Kd3 Kc5 80. Kc3
Kb6 81. b4 Kc7 82. a5 Kb7 83. b5 Kc7 84. Bf3 Bc5 85. Kc4 Be3 1/2-1/2

[Event "42nd Olympiad 2016"]
[Site "Baku AZE"]
[Date "2016.09.09"]
[Round "7.79"]
[Board "4"]
[White "Jacopucci, Enrique"]
[Black "Kouevi, Mawuvi Koue"]
[Result "0-1"]
[WhiteElo "1676"]
[BlackElo "1730"]
[WhiteTeam "Aruba"]
[BlackTeam "Togo"]
[WhiteFideId "15900347"]
[BlackFideId "21200041"]
[EventDate "2016.09.02"]

1. d4 d5 2. c4 e6 3. Nf3 Nd7 4. e3 Ngf6 5. Nc3 a6 6. Qc2 dxc4 7. Bxc4 b5 8. Bd3
c5 9. dxc5 Nxc5 10. Be2 Bb7 11. O-O Bd6 12. a3 Rc8 13. Qd1 O-O 14. b4 Bxf3 15.
Bxf3 Nd3 16. Ne4 Nxe4 17. Bxe4 Nxc1 18. Bxh7+ Kxh7 19. Qh5+ Kg8 20. Raxc1 Be7
21. Rfd1 Rxc1 22. Rxc1 g6 23. Qe2 Qb6 24. g3 Kg7 25. Kg2 a5 26. Qd2 axb4 27.
axb4 Rd8 28. Qc3+ Bf6 29. Qc6 Rb8 30. e4 Be7 31. Qc3+ Bf6 32. Qc7 Qxc7 33. Rxc7
Kf8 34. Rc1 Be7 35. Rb1 Rc8 36. Kf3 Rc4 37. Kf4 Rxb4 38. Rxb4 Bxb4 39. Ke3 Bc5+
40. Ke2 b4 41. f3 Bg1 42. h3 g5 43. Kd3 Bc5 44. Kc4 Kg7 45. e5 f6 46. f4 gxf4
47. exf6+ Kxf6 48. gxf4 Kf5 49. Kxc5 b3 0-1

[Event "42nd Olympiad 2016"]
[Site "Baku AZE"]
[Date "2016.09.09"]
[Round "7.80"]
[Board "1"]
[White "Fancy, Stuart"]
[Black "Bah, Ebrima"]
[Result "0-1"]
[WhiteTitle "FM"]
[BlackTitle "CM"]
[WhiteElo "1995"]
[BlackElo "2054"]
[WhiteTeam "Papua New Guinea"]
[BlackTeam "Gambia"]
[WhiteFideId "9100024"]
[BlackFideId "21100039"]
[EventDate "2016.09.02"]

1. c4 e5 2. Nc3 c6 3. g3 d5 4. cxd5 cxd5 5. Bg2 d4 6. Nb1 Nf6 7. d3 Be7 8. Nf3
Nc6 9. O-O O-O 10. Nbd2 Be6 11. Nc4 Bxc4 12. dxc4 h6 13. a3 a5 14. b3 Qd7 15.
Bb2 Bc5 16. h3 Rad8 17. Nd2 Rfe8 18. Ne4 Nxe4 19. Bxe4 Qxh3 20. Qd3 Qe6 21. Kg2
b6 22. Rh1 Ne7 23. Rh5 Rf8 24. Rah1 f5 25. Bb7 e4 26. Qb1 Rd7 27. Ba6 f4 28. b4
axb4 29. axb4 Bxb4 30. Bxd4 Rxd4 31. Qxb4 fxg3 32. Qc3 gxf2 33. Qxd4 f1=Q+ 34.
Rxf1 Qg4+ 0-1

[Event "42nd Olympiad 2016"]
[Site "Baku AZE"]
[Date "2016.09.09"]
[Round "7.82"]
[Board "1"]
[White "Mctigue, James"]
[Black "Rowe, Peter"]
[Result "1-0"]
[BlackTitle "CM"]
[WhiteElo "2205"]
[BlackElo "1966"]
[WhiteTeam "US Virgin Isles"]
[BlackTeam "Guernsey"]
[WhiteFideId "6800068"]
[BlackFideId "10700099"]
[EventDate "2016.09.02"]

1. e4 d6 2. d4 Nf6 3. Nc3 e5 4. dxe5 dxe5 5. Qxd8+ Kxd8 6. Bc4 Bb4 7. Bg5 Ke7 8.
Ne2 Be6 9. Bxe6 Kxe6 10. O-O-O c6 11. Rd3 Nbd7 12. Rhd1 h6 13. Bh4 g5 14. Bg3
Rhd8 15. f3 b5 16. Bf2 Nh5 17. g3 Ke7 18. a3 Bxc3 19. Nxc3 Nb6 20. Bc5+ Ke8 21.
Rd6 f6 22. Rxc6 Rxd1+ 23. Nxd1 Kd7 24. Rd6+ Kc7 25. Ne3 Na4 26. Nd5+ Kc8 27. Be3
Rb8 28. Bxa7 Rb7 29. Be3 1-0

[Event "42nd Olympiad 2016"]
[Site "Baku AZE"]
[Date "2016.09.09"]
[Round "7.82"]
[Board "2"]
[White "Brookfield, Toby"]
[Black "Mongiello, Anthony"]
[Result "1-0"]
[WhiteTitle "CM"]
[WhiteElo "1909"]
[BlackElo "1576"]
[WhiteTeam "Guernsey"]
[BlackTeam "US Virgin Isles"]
[WhiteFideId "10700234"]
[BlackFideId "6800173"]
[EventDate "2016.09.02"]

1. e4 d6 2. d4 c6 3. Nc3 Nd7 4. Nf3 e5 5. a4 Be7 6. Bc4 Nb6 7. Ba2 Bg4 8. dxe5
Qc7 9. h3 Be6 10. Bxe6 fxe6 11. exd6 Bxd6 12. Ng5 Qe7 13. Qg4 Kd7 14. Bf4 Nf6
15. Bxd6 Qxd6 16. Qe2 Qe7 17. a5 Nc8 18. O-O h6 19. Rfd1+ Kc7 20. Nf3 e5 21. Rd2
Nd6 22. Rad1 Rad8 23. b4 a6 24. Nh2 g5 25. Nf1 h5 26. Ng3 Qe6 27. Na4 Qc4 28.
Qxc4 Nxc4 29. Rxd8 Rxd8 30. Rxd8 Kxd8 31. Nc5 g4 32. Nxb7+ Kc8 33. Nc5 Nd2 34.
hxg4 hxg4 35. Nxa6 Ndxe4 36. Nxe4 Nxe4 37. Nc5 Nd6 38. Kf1 e4 39. Ke2 1-0

[Event "42nd Olympiad 2016"]
[Site "Baku AZE"]
[Date "2016.09.09"]
[Round "7.82"]
[Board "3"]
[White "Dempsey, John"]
[Black "Hale, Andrew"]
[Result "1/2-1/2"]
[BlackTitle "CM"]
[WhiteElo "1952"]
[BlackElo "1940"]
[WhiteTeam "US Virgin Isles"]
[BlackTeam "Guernsey"]
[WhiteFideId "2402076"]
[BlackFideId "10700021"]
[EventDate "2016.09.02"]

1. e4 g6 2. d4 Bg7 3. Nf3 d6 4. Bc4 Nf6 5. Qe2 O-O 6. Bb3 Nfd7 7. O-O c5 8. c3
Nc6 9. Rd1 Qc7 10. Bg5 Nf6 11. dxc5 dxc5 12. e5 Ng4 13. Bf4 Nh6 14. Qe3 Nf5 15.
Qxc5 b6 16. Qc4 e6 17. Nbd2 Qb7 18. Ne4 Na5 19. Qd3 Qa6 20. Nd6 Qxd3 21. Rxd3
Ba6 22. Rd2 Nc6 23. Rad1 h6 24. Nxf5 gxf5 25. Rd6 Na5 26. R1d4 Nb7 27. Rd7 Nc5
28. R7d6 Nb7 29. Rd7 Nc5 30. R7d6 Nb7 31. Rd7 1/2-1/2

[Event "42nd Olympiad 2016"]
[Site "Baku AZE"]
[Date "2016.09.09"]
[Round "7.82"]
[Board "4"]
[White "Bateman, Kerry"]
[Black "Smith, Michael ISV"]
[Result "1-0"]
[WhiteElo "1785"]
[BlackElo "1560"]
[WhiteTeam "Guernsey"]
[BlackTeam "US Virgin Isles"]
[WhiteFideId "10700200"]
[BlackFideId "6800092"]
[EventDate "2016.09.02"]

1. e4 e6 2. Nc3 d5 3. d4 dxe4 4. Nxe4 Bd7 5. c3 Bc6 6. Qc2 Nd7 7. Bf4 Ngf6 8.
Bd3 Bxe4 9. Bxe4 Nxe4 10. Qxe4 c6 11. Nf3 Nf6 12. Qe2 Be7 13. h4 Bd6 14. Ne5 Qe7
15. O-O-O Nd7 16. Qg4 f6 17. Nd3 Bxf4+ 18. Nxf4 Kf7 19. Rhe1 e5 20. dxe5 Nxe5
21. Qe2 Rad8 22. Kc2 Rxd1 23. Qxd1 Rd8 24. Qh5+ Kg8 25. Qf5 Qd7 26. Qe6+ Qxe6
27. Nxe6 Rd6 28. Nd4 Kf7 29. f3 h5 30. Nf5 Rd7 31. b3 g6 32. Nd4 c5 33. Ne2 Nd3
34. Rd1 Ne5 35. Rxd7+ Nxd7 36. Nf4 Ne5 37. Kd2 b6 38. Ke3 f5 39. g3 a6 40. Nd5
Nd7 41. a3 b5 42. Nc7 Nb8 43. Kf4 Kf6 44. Nd5+ Ke6 45. c4 bxc4 46. bxc4 a5 47.
Kg5 Kf7 48. Nf4 Nc6 49. Nxg6 Nd4 50. Ne5+ Ke6 51. Nd3 Nxf3+ 52. Kf4 Nd2 53.
Nxc5+ Kd6 54. Nb7+ 1-0

[Event "42nd Olympiad 2016"]
[Site "Baku AZE"]
[Date "2016.09.09"]
[Round "7.84"]
[Board "1"]
[White "Tissir, Mohamed"]
[Black "Meshkov, Yuri A."]
[Result "0-1"]
[WhiteTitle "IM"]
[BlackTitle "IM"]
[WhiteElo "2388"]
[BlackElo "2354"]
[WhiteTeam "Morocco"]
[BlackTeam "IBCA"]
[WhiteFideId "9000240"]
[BlackFideId "4107101"]
[EventDate "2016.09.02"]

1. e4 d5 2. exd5 Qxd5 3. Nc3 Qd6 4. d4 Nf6 5. Nf3 a6 6. Bd3 g6 7. O-O Bg7 8. Re1
O-O 9. h3 Nc6 10. Be3 Nb4 11. Bc4 b5 12. Bb3 Bb7 13. a3 Nbd5 14. Nxd5 Bxd5 15.
Bxd5 Nxd5 16. c3 e6 17. Qc1 Rfc8 18. Bh6 c5 19. Qd2 Bh8 20. Rad1 c4 21. h4 a5
22. h5 b4 23. axb4 axb4 24. Ng5 Ra2 25. Qc1 Qf4 26. Qc2 Qf5 27. Qb1 Qxb1 28.
Rxb1 gxh5 29. Ne4 Bg7 30. Bd2 b3 31. g3 Bf8 32. Kg2 Be7 33. Rh1 f5 34. Ng5 Bxg5
35. Bxg5 Rca8 36. Rxh5 Ra1 37. Rbh1 Rxh1 38. Rxh1 Ra2 39. Rb1 Kf7 40. Bd2 Nf6
41. Bf4 Ne4 42. Be3 Nf6 43. Bf4 Nd5 44. Bd2 Nb6 45. Kf3 Na4 46. Bc1 Kf6 47. Kf4
h6 48. Kf3 e5 49. dxe5+ Kxe5 50. Bf4+ Ke6 51. Bc1 h5 52. Ke3 Ke5 53. Kf3 Nc5 54.
Bf4+ Kd5 55. Rh1 Rxb2 56. Rxh5 Nd3 57. Rxf5+ Ke6 58. Rb5 Rc2 59. Ke4 Rxc3 60.
Rb6+ Kd7 61. Kd5 Nxf4+ 62. gxf4 Kc7 63. Rb4 Rc2 64. f5 b2 65. f6 c3 66. Rb3 Kd7
67. Rb7+ Ke8 68. f7+ Kf8 69. Ke6 Rxf2 70. Rb8+ Kg7 71. Rg8+ Kh7 72. Rg1 c2 73.
Rh1+ Kg6 74. Rg1+ Kh5 0-1

[Event "42nd Olympiad 2016"]
[Site "Baku AZE"]
[Date "2016.09.09"]
[Round "7.84"]
[Board "2"]
[White "Babarykin, Stanislav"]
[Black "Choukri, Adel"]
[Result "1/2-1/2"]
[WhiteTitle "FM"]
[BlackTitle "CM"]
[WhiteElo "2339"]
[BlackElo "2269"]
[WhiteTeam "IBCA"]
[BlackTeam "Morocco"]
[WhiteFideId "4101898"]
[BlackFideId "9000399"]
[EventDate "2016.09.02"]

1. e4 e6 2. d4 d5 3. Nc3 Bb4 4. e5 Qd7 5. Qg4 f5 6. Qh5+ Qf7 7. Qd1 b6 8. a3
Bxc3+ 9. bxc3 Ba6 10. Bxa6 Nxa6 11. Nh3 Nb8 12. Qd3 Nc6 13. c4 O-O-O 14. cxd5
Rxd5 15. Be3 Nge7 16. Qc4 Na5 17. Qa6+ Nb7 18. Nf4 Ra5 19. Qc4 Nd5 20. Nd3 Qd7
21. a4 b5 22. Qb3 Rxa4 23. Rxa4 bxa4 24. Qc4 Nb6 25. Qa6 Qd5 26. O-O Qa5 27.
Qxa5 Nxa5 28. Nc5 Re8 29. Ra1 Nb7 30. Nxa4 Nxa4 31. Rxa4 a5 32. Kf1 Kd7 33. Ke2
c5 34. Kd3 Kc6 35. Kc4 cxd4 36. Bxd4 g5 37. Ra2 Ra8 38. f3 h5 39. Ra1 Ra6 40. g3
g4 41. f4 1/2-1/2

[Event "42nd Olympiad 2016"]
[Site "Baku AZE"]
[Date "2016.09.09"]
[Round "7.84"]
[Board "3"]
[White "Aithmidou, Mohamed-Mehdi"]
[Black "Stachanczyk, Jacek"]
[Result "0-1"]
[WhiteTitle "CM"]
[BlackTitle "IM"]
[WhiteElo "2229"]
[BlackElo "2192"]
[WhiteTeam "Morocco"]
[BlackTeam "IBCA"]
[WhiteFideId "9000720"]
[BlackFideId "1116657"]
[EventDate "2016.09.02"]

1. e4 c5 2. Nf3 d6 3. Bb5+ Bd7 4. Bxd7+ Qxd7 5. c4 Nf6 6. Nc3 g6 7. d4 cxd4 8.
Nxd4 Bg7 9. f3 O-O 10. O-O Rc8 11. b3 d5 12. exd5 Nxd5 13. Nce2 Nc3 14. Qd2
Nxe2+ 15. Qxe2 Bxd4+ 16. Be3 Bxa1 17. Rxa1 Rd8 18. Re1 Nc6 19. Qf2 Qf5 0-1

[Event "42nd Olympiad 2016"]
[Site "Baku AZE"]
[Date "2016.09.09"]
[Round "7.84"]
[Board "4"]
[White "Ross, Chris N"]
[Black "Becham, Khalid"]
[Result "1/2-1/2"]
[WhiteTitle "CM"]
[WhiteElo "2209"]
[BlackElo "2134"]
[WhiteTeam "IBCA"]
[BlackTeam "Morocco"]
[WhiteFideId "410411"]
[BlackFideId "9000275"]
[EventDate "2016.09.02"]

1. d4 Nf6 2. Nf3 e6 3. g3 b6 4. Bg2 Bb7 5. O-O Be7 6. c4 O-O 7. Nc3 Ne4 8. Bd2
f5 9. Qc2 Bf6 10. Rad1 Nxd2 11. Rxd2 Qe7 12. e4 fxe4 13. Nxe4 Nc6 14. a3 g6 15.
Nxf6+ Qxf6 16. Qc3 d6 17. Ne1 Nd8 18. f4 Bxg2 19. Kxg2 Nf7 20. Nf3 c5 21. Qd3
Rad8 22. d5 e5 23. fxe5 Nxe5 24. Nxe5 Qxe5 25. Re2 Qg7 26. Rxf8+ Rxf8 27. Qe4
Qf7 28. Qe6 Kg7 29. Qxf7+ Rxf7 30. Re8 Rd7 31. h4 Kf7 1/2-1/2

[Event "42nd Olympiad 2016"]
[Site "Baku AZE"]
[Date "2016.09.09"]
[Round "7.85"]
[Board "1"]
[White "Yarmonov, Igor"]
[Black "Jones, Richard S."]
[Result "0-1"]
[WhiteTitle "IM"]
[BlackTitle "IM"]
[WhiteElo "2398"]
[BlackElo "2396"]
[WhiteTeam "IPCA"]
[BlackTeam "Wales"]
[WhiteFideId "14114496"]
[BlackFideId "1800833"]
[EventDate "2016.09.02"]

1. d4 d5 2. Nf3 Nf6 3. e3 Bf5 4. Bd3 Bg6 5. Bxg6 hxg6 6. Qd3 Nbd7 7. c4 c6 8.
Nc3 e6 9. O-O Bb4 10. a3 Bxc3 11. bxc3 Qc7 12. h3 Ne4 13. Rb1 g5 14. cxd5 exd5
15. c4 g4 16. cxd5 cxd5 17. hxg4 Qd6 18. g3 Nxg3 19. Re1 Ne4 20. Kf1 Qf6 21. Ke2
Rh3 22. Nd2 Qxf2+ 23. Kd1 Ndf6 24. Nxe4 Nxe4 25. Rb2 Qxb2 26. Bxb2 Nf2+ 27. Ke2
Nxd3 28. Kxd3 Rc8 29. Bc3 Rg3 30. Rb1 Rc7 31. Rb5 Rd7 32. Ra5 a6 33. Rc5 f6 0-1

[Event "42nd Olympiad 2016"]
[Site "Baku AZE"]
[Date "2016.09.09"]
[Round "7.85"]
[Board "2"]
[White "Strugnell, Carl"]
[Black "Obodchuk, Andrei"]
[Result "1-0"]
[WhiteTitle "FM"]
[BlackTitle "IM"]
[WhiteElo "2239"]
[BlackElo "2402"]
[WhiteTeam "Wales"]
[BlackTeam "IPCA"]
[WhiteFideId "616753"]
[BlackFideId "4114310"]
[EventDate "2016.09.02"]

1. e4 c5 2. Nf3 e6 3. Nc3 a6 4. d4 cxd4 5. Nxd4 Qc7 6. Bd3 Nc6 7. Nxc6 Qxc6 8.
O-O b5 9. e5 f5 10. Be2 Qc7 11. Bf3 Rb8 12. Re1 Bc5 13. Be3 Bxe3 14. Rxe3 Nh6
15. Qd4 O-O 16. b4 Bb7 17. Bxb7 Rxb7 18. a4 Rc8 19. axb5 axb5 20. h3 Nf7 21. Ra5
Qc4 22. Qxc4 bxc4 23. b5 Kf8 24. f4 Ke7 25. Ra6 g5 26. fxg5 Rc5 27. h4 Nxe5 28.
b6 Nc6 29. Na4 Rb5 30. Rg3 Kf7 31. h5 Ne5 32. Ra3 Kg7 33. g3 Nf7 34. Ra2 d5 35.
Ra8 d4 36. h6+ Kg6 37. Rg8+ Kh5 38. Rg7 Rd5 39. Kf2 Nd6 40. Ra1 Ne4+ 41. Kg2
Rxg7 42. hxg7 Rd8 43. Rb1 d3 44. cxd3 cxd3 45. b7 d2 46. Nb6 Nc5 47. Nc8 Nxb7
48. Ne7 Nd6 49. Rd1 Nc4 50. Kf3 Kxg5 51. g8=Q+ Rxg8 52. Nxg8 e5 53. Ke2 e4 54.
Rb1 e3 55. Rb7 Kg4 56. Nh6+ Kg5 57. Nf7+ Kg4 58. Rb4 Kxg3 59. Rxc4 f4 60. Ne5 h5
61. Rc7 f3+ 62. Nxf3 d1=Q+ 63. Kxd1 Kxf3 64. Rf7+ Kg2 65. Ke2 h4 66. Rg7+ Kh2
67. Kxe3 h3 68. Kf2 Kh1 69. Kg3 1-0

[Event "42nd Olympiad 2016"]
[Site "Baku AZE"]
[Date "2016.09.09"]
[Round "7.85"]
[Board "3"]
[White "Gurbanov, Andrei"]
[Black "Kett, Tim"]
[Result "0-1"]
[WhiteTitle "IM"]
[WhiteElo "2322"]
[BlackElo "2227"]
[WhiteTeam "IPCA"]
[BlackTeam "Wales"]
[WhiteFideId "13503391"]
[BlackFideId "1801210"]
[EventDate "2016.09.02"]

1. d4 Nf6 2. Nf3 c5 3. d5 e6 4. c4 b5 5. dxe6 fxe6 6. cxb5 Bb7 7. e3 d5 8. b3
Bd6 9. Bb2 Nbd7 10. Nbd2 Qe7 11. Qc2 O-O 12. Bd3 e5 13. e4 c4 14. bxc4 dxe4 15.
Nxe4 Nxe4 16. Bxe4 Bxe4 17. Qxe4 Nf6 18. Qe2 Bb4+ 19. Kf1 e4 20. Nd4 Bc5 21. Nf5
Qd7 22. Bxf6 Qxf5 23. Bh4 g5 24. Bg3 Rad8 25. Kg1 Rd3 26. Rf1 e3 27. Rc1 Rd2 28.
Qf3 Qd7 0-1

[Event "42nd Olympiad 2016"]
[Site "Baku AZE"]
[Date "2016.09.09"]
[Round "7.85"]
[Board "4"]
[White "Morris, Charles F"]
[Black "Mikheev, Stanislav"]
[Result "0-1"]
[BlackTitle "IM"]
[WhiteElo "2127"]
[BlackElo "2283"]
[WhiteTeam "Wales"]
[BlackTeam "IPCA"]
[WhiteFideId "1800140"]
[BlackFideId "4135920"]
[EventDate "2016.09.02"]

1. c4 Nf6 2. g3 e5 3. Bg2 d5 4. cxd5 Nxd5 5. Nc3 Nb6 6. Nf3 Nc6 7. O-O Be7 8. a3
O-O 9. b4 Re8 10. d3 Bf8 11. Bb2 a5 12. b5 Nd4 13. e3 Nf5 14. Na4 e4 15. Ne5
Nxa4 16. Qxa4 exd3 17. Rfd1 d2 18. Qc2 Bd6 19. Rxd2 Qe7 20. Nc4 Bc5 21. e4 Nd6
22. Qc3 f6 23. Nxd6 cxd6 24. h3 Be6 25. Kh2 Qf7 26. Rc1 a4 27. f4 Rac8 28. Qd3
b6 29. Bd4 Qf8 30. Bxc5 dxc5 31. Rc3 Rcd8 32. Qe3 Qe7 33. Bf1 Bf7 34. Bd3 Rd4
35. Bc2 Qd7 36. Rxd4 cxd4 37. Qd3 Rxe4 38. Rc6 f5 39. Rxb6 g6 40. Rb8+ Kg7 41.
b6 Re3 42. Qa6 Qc6 43. Bd1 Re1 0-1

[Event "42nd Olympiad 2016"]
[Site "Baku AZE"]
[Date "2016.09.10"]
[Round "8.1"]
[Board "1"]
[White "Karjakin, Sergey"]
[Black "Caruana, Fabiano"]
[Result "1/2-1/2"]
[WhiteTitle "GM"]
[BlackTitle "GM"]
[WhiteElo "2769"]
[BlackElo "2808"]
[WhiteTeam "Russia"]
[BlackTeam "United States of America"]
[WhiteFideId "14109603"]
[BlackFideId "2020009"]
[EventDate "2016.09.02"]

1. c4 c5 2. Nf3 Nf6 3. d4 cxd4 4. Nxd4 Nc6 5. Nc3 e6 6. a3 Bc5 7. Nb3 Bb6 8. c5
Bc7 9. g3 O-O 10. Bg2 b6 11. O-O Be5 12. a4 bxc5 13. Nxc5 d5 14. e4 Bd4 15. exd5
exd5 16. Nb3 Bxc3 17. bxc3 Bg4 18. f3 Be6 19. Nd4 Nxd4 20. Qxd4 Qa5 21. Be3 Rfc8
22. Qb4 Qd8 23. Bd4 Ne8 24. Qb2 Nd6 25. g4 Nc4 26. Qf2 Na5 27. f4 Nb3 28. f5 Bd7
29. Rad1 Nxd4 30. Rxd4 Qf6 31. Qg3 Qb6 32. f6 Be6 33. Qe3 Kh8 34. Kh1 Rg8 35. c4
Rad8 36. a5 Qxa5 37. Qe5 Rde8 38. cxd5 Bd7 39. Qd6 Qd8 40. h3 Bb5 41. Qxd8 Rxd8
42. fxg7+ 1/2-1/2

[Event "42nd Olympiad 2016"]
[Site "Baku AZE"]
[Date "2016.09.10"]
[Round "8.1"]
[Board "3"]
[White "Nepomniachtchi, Ian"]
[Black "So, Wesley"]
[Result "0-1"]
[WhiteTitle "GM"]
[BlackTitle "GM"]
[WhiteElo "2740"]
[BlackElo "2782"]
[WhiteTeam "Russia"]
[BlackTeam "United States of America"]
[WhiteFideId "4168119"]
[BlackFideId "5202213"]
[EventDate "2016.09.02"]

1. e4 e5 2. Nf3 Nc6 3. Bc4 Bc5 4. O-O Nf6 5. d3 O-O 6. a4 d6 7. c3 a6 8. h3 Ba7
9. Re1 Ne7 10. d4 Ng6 11. Bd3 c6 12. Be3 Nh5 13. Nbd2 Nhf4 14. Bf1 exd4 15. Bxd4
Bxd4 16. cxd4 d5 17. e5 f6 18. Ra3 fxe5 19. dxe5 a5 20. Qc1 Qe7 21. Rb3 Bf5 22.
Nd4 Ne6 23. Nxf5 Rxf5 24. Bd3 Rf4 25. Bxg6 hxg6 26. Qd1 Raf8 27. Rf3 Qb4 28.
Rxf4 Rxf4 29. Nf3 Qxa4 30. Qd3 Rf5 31. Qb1 Qf4 32. Qc2 Kh7 33. Re3 Qc4 34. Qd1
Rf4 35. Rc3 Qb4 36. Qc1 a4 37. h4 Kg8 38. Qb1 Qe4 39. Qd1 Nd4 40. Re3 Nxf3+ 41.
gxf3 Qf5 42. e6 Rxh4 43. Re4 Rxe4 44. fxe4 Qxe4 45. Qd2 Qxe6 46. Qa5 Qg4+ 47.
Kf1 b5 48. Qc7 g5 49. Qb8+ Kh7 50. Qd6 b4 0-1

[Event "42nd Olympiad 2016"]
[Site "Baku AZE"]
[Date "2016.09.10"]
[Round "8.1"]
[Board "4"]
[White "Robson, Ray"]
[Black "Grischuk, Alexander"]
[Result "0-1"]
[WhiteTitle "GM"]
[BlackTitle "GM"]
[WhiteElo "2674"]
[BlackElo "2754"]
[WhiteTeam "United States of America"]
[BlackTeam "Russia"]
[WhiteFideId "2023970"]
[BlackFideId "4126025"]
[EventDate "2016.09.02"]

1. e4 e5 2. Nf3 Nc6 3. Bb5 Nf6 4. O-O Nxe4 5. Re1 Nd6 6. Nxe5 Be7 7. Bf1 Nxe5 8.
Rxe5 O-O 9. Nc3 Ne8 10. Nd5 Bd6 11. Re1 c6 12. Ne3 Bc7 13. Nf5 d5 14. Ne7+ Kh8
15. Nxc8 Rxc8 16. g3 Qf6 17. Bh3 Rd8 18. d4 Nd6 19. Bf4 Bb8 20. Be5 Qh6 21. Bg2
Nc4 22. Bxb8 Rxb8 23. b3 Nd6 24. Qd3 Qg6 25. Qd2 Rfe8 26. Re5 f6 27. Rxe8+ Rxe8
28. Qb4 f5 29. Re1 Rxe1+ 30. Qxe1 Qf6 31. Qe3 g5 32. f4 h6 33. a4 a5 34. Kf1 Ne4
35. c4 Kg7 36. c5 gxf4 37. gxf4 Qh4 38. Bxe4 fxe4 39. Qf2 Qxf2+ 40. Kxf2 Kf6 41.
Kg3 Kf5 42. h3 h5 43. h4 e3 44. Kf3 e2 45. Kxe2 Kxf4 46. Kd3 Kg4 0-1